Educación de adultos en América Latina / (Record no. 130143)
[ view plain ]
| 000 -CABECERA | |
|---|---|
| campo de control de longitud fija | 00696nam a2200205 a 4500 |
| 005 - FECHA Y HORA DE LA ÚLTIMA TRANSACCIÓN | |
| campo de control | 20210223130542.0 |
| 008 - ELEMENTOS DE LONGITUD FIJA--INFORMACIÓN GENERAL | |
| campo de control de longitud fija | 080723s1983 mx r 000 0 spa d |
| 035 ## - NÚMERO DE CONTROL DEL SISTEMA | |
| Número de control de sistema | UPN01000158029 |
| 049 ## - COLECCIÓN | |
| Colección | UNE |
| 080 14 - NÚMERO DE CLASIFICACIÓN DECIMAL UNIVERSAL | |
| Número de la Clasificación Decimal Universal | 374.71 (7/8) PIC No.9. |
| 100 1# - ASIENTO PRINCIPAL--NOMBRE PERSONAL | |
| Nombre de persona | Picón Espinoza, César |
| 9 (RLIN) | 29857 |
| 245 10 - MENCIÓN DE TÍTULO | |
| Título | Educación de adultos en América Latina / |
| Mención de responsabilidad, etc. | César Picón Espinoza. |
| 260 ## - PUBLICACIÓN, DISTRIBUCIÓN, ETC. | |
| Lugar de publicación, distribución, etc. | México : |
| Nombre del editor, distribuidor, etc. | CREFAL ; |
| Lugar de publicación, distribución, etc. | Washington : |
| Nombre del editor, distribuidor, etc. | OEA : |
| -- | PREDE, |
| Fecha de publicación, distribución, etc. | 1983. |
| 300 ## - DESCRIPCIÓN FÍSICA | |
| Extensión | 443 p. |
| 440 #0 - MENCIÓN DE SERIE/ASIENTO SECUNDARIO--TÍTULO | |
| Título | Retablo de papel ; |
| Designación de volumen o secuencia | 9 |
| 690 ## - PUNTO DE ACCESO ADICIONAL DE MATERIA LOCAL--TÉRMINO DE MATERIA (OCLC, RLIN) | |
| Término de materia o nombre geográfico como elemento inicial | Educación de adultos - América Latina |
| 690 ## - PUNTO DE ACCESO ADICIONAL DE MATERIA LOCAL--TÉRMINO DE MATERIA (OCLC, RLIN) | |
| Término de materia o nombre geográfico como elemento inicial | América Latina - Educación de Adultos |
| 690 ## - PUNTO DE ACCESO ADICIONAL DE MATERIA LOCAL--TÉRMINO DE MATERIA (OCLC, RLIN) | |
| Término de materia o nombre geográfico como elemento inicial | Desarrollo de la educación - Educación de adultos |
| 905 ## - TIPO DE MATERIAL | |
| Tipo de material | UNESCO |
No items available.
